| 000 | 00979nam a2200325 4500 | ||
|---|---|---|---|
| 001 | 446312 | ||
| 003 | DO-SdBNP | ||
| 005 | 20180220141514.0 | ||
| 008 | 950706r1994 sp | ||| ||spa | ||
| 016 | 7 |
_a _2BPMSU |
|
| 017 |
_a _b |
||
| 020 | _a8434844419 | ||
| 035 | _a | ||
| 040 |
_aBPMSU _bspa _c BPMSU _e |
||
| 041 | 1 |
_aspa _h |
|
| 080 | 0 | _a | |
| 100 | 1 |
_aEnde, Michael _d1929-1995 |
|
| 240 | 1 | 4 |
_aDer satanarchäolügenialkohöllische Wunschpunsch. _lEspañol |
| 245 | 1 | 3 |
_aEl ponche de los deseos / _cMichael Ende ; traducción del alemán, Jesús Larriba y Marinella Terzi _h |
| 250 | _a3ª ed. | ||
| 260 |
_aMadrid : _bSM, _c1994 |
||
| 300 |
_a174 p. ; _bil. : _c20 cm. |
||
| 490 | 1 |
_aEl barco de vapor. _aSerie roja _v80 |
|
| 700 | 1 | 1 |
_aLarriba, Jesús _etr. |
| 700 | 1 | 1 |
_aTerzi, Marinella _etr. |
| 830 | 3 |
_aEl barco de vapor. _pSerie roja _v80 |
|
| 942 |
_2ddc _cBK |
||
| 945 | _aInventariado, 2018 / BT | ||
| 956 |
_aVMATEO _210 _320151130 _6BPMSU _800151 |
||
| 999 |
_c8957 _d8957 |
||